Dynamic system identification : experiment design and data analysis /

Guardado en:
Autor Principal: Goodwin, Graham C. 1945-
Otros Autores: Payne, Robert L.
Formato: Libro
Idioma:English
Publicado: New York : Academic Press, 1977.
Series:Mathematics in science and engineering ; v. 136
Materias:
Etiquetas: Agregar Etiqueta
Sin Etiquetas, Sea el primero en etiquetar este registro!
LEADER 00874cam a2200253 a 4500
001 MAT.inmabb003157
008 770613s1977####nyua#####b####001#0#eng##
005 20130410171122.0
245 1 0 |a Dynamic system identification :  |b experiment design and data analysis /  |c Graham C. Goodwin and Robert L. Payne. 
260 |a New York :  |b Academic Press,  |c 1977. 
300 |a x, 291 p. :  |b il. ;  |c 24 cm. 
440 0 |a Mathematics in science and engineering ;  |v v. 136 
504 |a Bibliografía: p. 276-286. 
510 4 |a MR,  |c 80e:93046 
020 |a 0122897501 
100 1 |a Goodwin, Graham C.  |q (Graham Clifford),  |d 1945- 
700 1 |a Payne, Robert L. 
650 0 |a System analysis. 
650 0 |a Mathematical models. 
650 0 |a Experimental design. 
084 |a 93B30 (62-01)  |2 msc2000 
010 |a  76050396  
040 |a DLC  |c DLC  |d DLC 
859 |h 93  |i G656  |p A-6146  |b BIB. MATEMATICA